00212nam a2200073Ia 4500008004100000100001700041245006100058260001900119120527s9999 xx 000 0 und d aMCMURTRY, J. aUnequal freedoms the global market as an ethical systems bKumanian Press